000 00913nam0a22002531 4500
001 rc\4670092
005 20250612002558.0
021 _aRU
_bРг3130-59
035 _a(NLR Aleph) 008420640
090 _a9354563
_c9354563
100 _a20130416d1958 |||y0rusy50 ca
101 0 _arus
102 _aRU
105 _ay z |||||
200 1 _aО средствах предупреждения беременности
_eБеседа
_fЦентр. науч.-исслед. ин-т сан. просвещения М-ва здравоохранения СССР
210 _aМосква
_cБ. и.
_d1958
215 _a6 с.
_d18
300 _aПеред загл. авт.: канд. мед. наук. М.Д. Пирадова
700 1 _aПирадова
_bМ.Д.
_gМария Дмитриевна
801 0 _aRU
_bNLR
_gpsbo
801 1 _aRU
_bELAR
_2rusmarc
852 _aNLR
_j59-4/7140
942 _cBOOK
980 _aNB